| 000 | 00744nam a2200253 a 4500 | ||
|---|---|---|---|
| 999 |
_c1773 _d1773 |
||
| 007 | ta | ||
| 008 | 200117s1985 ii a|||g u|||f00| 0 eng d | ||
| 020 | _cRs. 130.00 | ||
| 040 |
_aKO _beng |
||
| 041 | 0 | _aeng | |
| 044 | _aii | ||
| 082 | 0 | 4 |
_223 _a623.873 _bIS8114:1984 |
| 110 | 2 | _aIndian Standards Institution | |
| 245 | 1 | 0 |
_aGuidelines for Machining Dimensions of Propeller Hubs with Keyway : _bFirst Revision |
| 260 |
_aNew Delhi : _bIndian Standards Institution, _c1985 |
||
| 300 |
_a6 p. : _bill. ; _c30 cm. |
||
| 490 | 0 |
_aIndian Standard ; _vIS 8114 - 1984 |
|
| 650 | 0 |
_aPropellers _xDesign and construction _xStandards |
|
| 650 | 0 |
_aShip propulsion _xStandards |
|
| 904 | _aRUDRA_R | ||
| 905 | _aR_RANJAN | ||
| 942 | _cRT | ||